000 01154naa a22003257a 4500
001 BR7804590
003 BR-BrBNA
005 20240918174132.0
007 ta
008 230509b bl.||||| |||| 00| 0 por d
040 _aBR-BrBNA
_bpor
_cBiblioteca Nacional de Agricultura
041 _a(Pt)
072 _aP00; P20
_b/G514
090 _aP00 BR7804590
100 1 _aFerreira, L.A.B.
111 1 _a1. Simposio Nacional de Ecologia
_cCuritiba, PR (Brazil)
_d26 Sep 1978
245 1 _aAreas de preservacao no Rio Grande do Sul, estado atual e perspectivas [Recurso natural; Brasil]
260 3 _aCuritiba, PR (Brasil):
_c1978.
500 _aAnais do 1. Simposio Nacional de Ecologia Curitiba, PR (Brasil): 1978. v. 3 p 106-107 (BR7804590-AM)P00
650 _aRecurso natural
650 _aRecurso da terra
650 _aMeio ambiente
650 _aParque nacional
650 _aReserva biologica
650 _aConservacao
650 _aRio Grande do Sul
773 0 _tAnais do 1. Simposio Nacional de Ecologia
_wP00 BR7804590
_gCuritiba, PR (Brasil), 1978. v. 3 p 106-107
909 _a202404
_bLucia
_c55
_dLucia Elande
942 _cAM
_2AGRIS
999 _c309132
_d309132